Guess The American Brands! #32 - Statistics

General Stats
  • This quiz has been taken 18 times
  • The average score is 8 of 24
Answer Stats
Picture Answer % Correct
Tabasco
65%
UNO
65%
Wall E
59%
Google Play
53%
App Store
47%
Michigan
47%
MLS
47%
Tang
47%
WNBA
47%
Columbia
41%
Covergirl
41%
STP
41%
Big Bang Theory
35%
Mobil
35%
Peta
35%
Airwalk
18%
DKNY
18%
Nitro
18%
Rollerblade
18%
Warner Music
18%
Jquery
12%
Lowepro
12%
Nautica
12%
Toy Machine
12%
No matching quizzes found
Score Distribution
Percent of People with Each Score
Percentile by Number Answered
Your Score History
You have not taken this quiz